| 000 | 00459nam a22001577a 4500 | ||
|---|---|---|---|
| 003 | OSt | ||
| 005 | 20240419155802.0 | ||
| 008 | 240419b |||||||| |||| 00| 0 eng d | ||
| 040 | _cMRSPTU | ||
| 100 | _aAggarwal, Dholandas (अग्गरवाल ढोलनदास) | ||
| 245 | _aYogasan Abhem Sadhna (योगासन एबं साधना ) | ||
| 250 | _a32nd | ||
| 260 |
_aHyderbad _bPustak Mahal _c2000 |
||
| 300 | _a144 | ||
| 942 |
_2ddc _cBK _n0 |
||
| 999 |
_c10125 _d10125 |
||